| 000 | 00621nam a22001937a 4500 | ||
|---|---|---|---|
| 003 | OSt | ||
| 005 | 20260424030533.0 | ||
| 008 | 260424b |||||||| |||| 00| 0 eng d | ||
| 020 | _a9789710734153 | ||
| 040 |
_aDWCL Main Lib. _cOC |
||
| 082 | _aFil. 500 S416 2014 | ||
| 100 | _aRabago, Lilia M. | ||
| 245 |
_aScience and technology : _blaboratory manual and workbook 8 / _cLilia M. Rabago and Diana L. Ferrer |
||
| 260 |
_aQuezon City : _bVibal Group, _cc2014. |
||
| 300 |
_avi, 138 pages : _billustrations ; _c25 cm. |
||
| 650 | _a1. Science--Laboratory manual. | ||
| 650 | _a2. Workbook. | ||
| 942 |
_2ddc _cBK - FIL _n0 |
||
| 999 |
_c9834 _d9834 |
||